Piłkarska kariera Filippo Inzaghiego. - Statystyki

Ogólne statystyki
  • Ten quiz został rozwiązany 54 razy
  • Średni wynik to 3 z 7
Statystyki odpowiedzi
Lata Drużyna % Poprawnych
2001-2012 Milan
100%
1997-2001 Juventus
72%
1995-1996 Parma
46%
1996-1997 Atalanta
26%
1993-1994 Hellas
9%
1991-1995 Piacenza
9%
1992-1993 SC Leffe
0%
Nie znaleziono quizów pasujących do podanych kryteriów
Rozkład punktacji
Procent ludzi z każdym wynikiem
Percentyl według liczby udzielonych odpowiedzi
Twoja historia wyników
Nie rozwiązałeś tego quizu